Land vs. Land #47 - Statistiken

Allgemein
  • Dieses Quiz wurde 21 mal gespielt
  • Das Durchschnittsergebnis liegt bei 11 aus 14
Antwortstatistiken
Frage Antwort % Korrekt
...Einwohner? Pakistan🇵🇰
100%
...Happy Planet Index? Peru🇵🇪
100%
...Tourismus? Peru🇵🇪
94%
...HDI (Human Development Index)? Peru🇵🇪
94%
...Frieden? Peru🇵🇪
94%
...Militär? Pakistan🇵🇰
89%
...Bruttoinlandsprodukt? Pakistan🇵🇰
83%
...Bruttoinlandsprodukt pro Kopf? Peru🇵🇪
83%
...Lebenserwartung? Peru🇵🇪
83%
...Gesundheitswesen? Peru🇵🇪
72%
...Gewinner? Peru🇵🇪
61%
...durchschnittlicher IQ? Peru🇵🇪
56%
...Fläche? Peru🇵🇪
39%
...Exportmengen? Peru🇵🇪
17%
Keine übereinstimmenden Quizze gefunden
Verteilung der Resultate
Anzahl Personen mit jedem Resultat
Perzentil nach korrekt beantworteten Fragen
Ihre Resultats-Entwicklung
Sie haben dieses Quiz noch nicht gespielt